000 00360nam a22001337a 4500
003 MACL
005 20151105155223.0
008 151105b xxu||||| |||| 00| 0 eng d
040 _cMACL
041 _aEnglish
245 _aJigeesha's General Studies For Civil Services (Preliminary) Examination Paper 1
260 _aNoida
_bLexis Nexis
_c2015
942 _2ddc
_cBK
999 _c50564
_d50564